The strenuous decade (Record no. 58637)

MARC details
000 -LEADER
fixed length control field 00624nam a2200169 a 4500
008 - FIXED-LENGTH DATA ELEMENTS--GENERAL INFORMATION
fixed length control field 120416s0000 ||||||||||||||||| || u
020 ## - INTERNATIONAL STANDARD BOOK NUMBER
International Standard Book Number 0385021844
050 ## - LIBRARY OF CONGRESS CALL NUMBER
Classification number E 806 Str
100 ## - MAIN ENTRY--PERSONAL NAME
Personal name Aaron, Daniel
245 14 - TITLE STATEMENT
Title The strenuous decade
Statement of responsibility, etc. edited by Daniel Aaron
246 ## - VARYING FORM OF TITLE
Title proper/short title a social and intellectual record of the 1930s
260 ## - PUBLICATION, DISTRIBUTION, ETC.
Place of publication, distribution, etc. New York
Name of publisher, distributor, etc. Anchor Books
Date of publication, distribution, etc. 1970
300 ## - PHYSICAL DESCRIPTION
Extent xviii, 537p. : ill.
350 ## - PRICE (NR) (BK AM CF MU VM SE) [OBSOLETE]
Price 0.00
700 ## - ADDED ENTRY--PERSONAL NAME
Personal name Bendiner, Robert
995 ## - RECOMMENDATION 995 [LOCAL, UNIMARC FRANCE]
-- 0.00
-- CBU-MAIN LIBRARY (Kitwe)
-- 1
-- 13.00
-- 1
-- AVAILABLE
-- Oct 10, 2006
-- Main Library Open Access Collection
Holdings
Withdrawn status Lost status Source of classification or shelving scheme Damaged status Not for loan Home library Current library Shelving location Date acquired Total Checkouts Full call number Barcode Date last seen Price effective from Koha item type
          CBU-MAIN LIBRARY, KITWE. CBU-MAIN LIBRARY, KITWE.   11/30/2022   E 806 Str 001194 11/30/2022 11/30/2022 MONOGRAPH